02191nam0a2200385 450000100060000000300300000600500170003601000180005303500220007107300180009310000410011110100080015210200070016010500180016718100250018518100200021018200210023018200110025118300270026220000250028921400210031421400140033521500200034921500100036922500320037932300150041133011450042641000140157141000430158560800670162861000280169570000330172370000190175680100300177513948http://www.sudoc.fr/28949715920251009125905.0 a9782381980911 a(OCoLC)1536356784 0a9782381980911 a20250916h20252025m y0frey50 ba0 afre aFR ay ||||000by 6z01ctxt2rdacontent 16z01ai#bxxxe## 6z01cn2rdamedia 16z01an 16z01anga2RDAfrCarrier1 aLa ContrebandebLIVR 0cL'ArchedDL 2025 0aMontreuil a1 vol. (134 p.) d21 cm2 aDes écrits pour la parole aindéfini aElles sont dix. Dix femmes. Dix corps, dix voix. Toutes prises par le théâtre ou le cinéma : dix contrebandières, toutes habitées par le désir de chercher quelque chose qui n’est pas de ce monde, de combattre la honte, l’asservissement amoureux, les humiliations, la morgue masculine, le silence imposé, les fardeaux de l’héritage ou de l’ambition, pour objecter, exister, vivre, tout changer. Que disent les destinées féminines au cinéma comme au théâtre, d’Ophélie à Scarlett Johansson ? Que nous révèlent les trajectoires de Margaret Hughes – première Desdémone de l’Histoire et grande briseuse de conventions sociales – ou de Peg Entwistle, qui mit fin à ses jours en sautant du haut des lettres blanches du panneau Hollywoodland ? À travers ces contrebandières, Fabrice Melquiot interroge les héritages culturels de la littérature occidentale, dont elles furent les héroïnes invisibles ou malmenées. Il revisite les classiques, les empoigne et les ranime, pour faire place à d’autres récits : ceux de femmes d’aujourd’hui, en lutte, en création, en vie. 0234993022 tDes écrits pour la parolex2680-3305 3027814157aThéâtre (genre littéraire) français2rameau aFéminismeapersonnage 1aMelquiotbFabricef1972-.... 130502383614070 3aFRbAbesc20250916gAFNOR